000 00605nam a2200193Ia 4500
008 131103s9999 xx 000 0 und d
020 _a019564406 9
_cRs.65.00
040 _aLoreto College
041 _aEnglish
082 _a420.7/RAM
_bLCBED/12785
100 _aRam, S.K.
245 _aLearning to communicate
_b course book 8 for the middle school
_cS.K.Ram and Paul Gunashekar
260 _aDelhi
_bOxford university press
_c1998
300 _a134p.
_b ill, pic.
_c 26cm.
650 _aEnglish language - Study & teaching
700 _aGunashekar, Paul
850 _aLCBED/420.7/RAM
942 _cBK
999 _c27893
_d78372